000
00302nam a22001337a 4500
003
SGT
020
_a
9788179100554
082
_a
370.114
100
_a
THOMAS,B.
245
_a
MORAL AND VALUE EDUCATION
260
_a
JAIPUR
_b
AAVISHKAR PUBLISHERS DISTRIBUTORS
_c
2021
300
_a
230
942
_2
ddc
_c
BK
999
_c
34040
_d
34040